Statystyki dla Miasta w województwie wielkopolskim

Kliknij tutaj aby rozwiązać quiz!

Ogólne statystyki

  • Ten quiz został rozwiązany 4 491 razy
  • Średni wynik to 42 z 111

Statystyki odpowiedzi

MiastoLiczba ludności% Poprawnych
Poznań546 829
99%
Kalisz103 738
87%
Konin76 932
85%
Piła74 471
84%
Leszno64 612
80%
Gniezno69 810
79%
Ostrów Wielkopolski72 790
75%
Września29 656
67%
Środa Wielkopolska22 604
65%
Jarocin26 335
64%
Koło22 961
64%
Śrem30 072
63%
Swarzędz31 084
62%
Turek28 003
62%
Oborniki18 430
60%
Luboń30 775
58%
Kościan23 952
57%
Rawicz20 811
57%
Szamotuły18 961
57%
Krotoszyn29 321
56%
Nowy Tomyśl14 914
55%
Wągrowiec25 194
54%
Gostyń20 239
53%
Grodzisk Wielkopolski14 374
53%
Pleszew20 365
53%
Chodzież19 349
51%
Czarnków11 175
50%
Wolsztyn13 544
50%
Wronki11 538
50%
Kępno14 567
49%
Kórnik7 591
49%
Złotów18 539
49%
Słupca14 013
48%
Trzcianka17 296
48%
Międzychód10 826
46%
Ostrzeszów14 464
46%
Kostrzyn9 529
42%
Mosina13 155
42%
Murowana Goślina10 384
41%
Buk6 197
40%
Krzyż Wielkopolski6 211
40%
Puszczykowo9 834
40%
Pniewy7 982
39%
Opalenica9 612
38%
Pobiedziska9 063
37%
Koźmin Wielkopolski6 685
34%
Rogoźno11 277
34%
Stęszew5 853
34%
Zbąszyn7 225
34%
Czempiń5 280
32%
Kłodawa6 699
32%
Śmigiel5 594
31%
Ujście3 816
31%
Borek Wielkopolski2 522
30%
Jastrowie8 660
30%
Nekla3 637
30%
Skoki4 157
30%
Trzemeszno7 847
30%
Ślesin3 149
29%
Książ Wielkopolski2 783
28%
Nowe Skalmierzyce4 854
28%
Kleczew4 241
27%
Miłosław3 596
27%
Pyzdry3 224
27%
Wieleń6 006
27%
Witkowo7 986
27%
Dobra1 448
26%
Golina4 479
26%
Margonin3 020
26%
Odolanów5 119
26%
Sieraków6 108
26%
Szamocin4 344
26%
Bojanowo2 968
25%
Gołańcz3 405
25%
Krobia4 203
25%
Lwówek3 057
25%
Miejska Górka3 244
25%
Dolsk1 566
24%
Grabów nad Prosną1 983
24%
Okonek3 994
24%
Sompolno3 654
24%
Wyrzysk5 172
24%
Krajenka3 792
23%
Łobżenica3 030
23%
Obrzycko2 383
23%
Rakoniewice3 522
23%
Tuliszków3 400
23%
Zduny4 567
23%
Czerniejewo3 638
22%
Kobylin3 237
22%
Mikstat1 898
22%
Ostroróg1 998
22%
Rydzyna2 780
22%
Dobrzyca3 225
21%
Kłecko2 660
21%
Osieczna2 261
21%
Rychwał2 394
21%
Stawiszyn1 550
21%
Żerków2 142
21%
Dąbie2 079
20%
Jutrosin1 947
20%
Chocz1 797
19%
Krzywiń1 643
19%
Poniec2 919
19%
Sulmierzyce2 892
19%
Wielichowo1 757
18%
Wysoka2 745
18%
Zagorów3 057
18%
Pogorzela2 060
17%
Przedecz1 759
17%
Raszków2 078
16%

Rozkład punktacji

Percentyl według liczby udzielonych odpowiedzi

Procent ludzi z każdym wynikiem

Twoja historia wyników

Nie rozwiązałeś tego quizu